| 000 | 00628nam a2200205 a 4500 | ||
|---|---|---|---|
| 005 | 20140310183416.0 | ||
| 008 | 070919s19uu xx 00 eng d | ||
| 020 | _a1591395003 | ||
| 050 |
_aHD 38.2 _b.H3744 2004 |
||
| 100 | _aHarvard Business Review | ||
| 245 | _aHarvard Business Review on developing leaders. | ||
| 260 |
_aU.S.A : _bHarvard Business School Publishing Corporation, _c2004. |
||
| 300 |
_a182 p. ; _bill. ; _c22 cm. |
||
| 521 | _aBSBA | ||
| 650 | _aExecutive ability. | ||
| 650 |
_aExecutives _xSelection and appointment. |
||
| 650 |
_aExecutives _xTraining of. |
||
| 942 |
_cBK _2lcc _kFOR |
||
| 999 |
_c22574 _d22574 |
||